Технология строительной керамики и искусственных пористых заполнителей: [сборник статей]

Détails bibliographiques
Collectivité auteur: Государственный Всесоюзный научно-исследовательский институт строительных материалов и конструкций (ВНИИСТРОМ) им. П. П. Будникова
Autres auteurs: Березовский А. Я. (редактор), Бурмистров В. Н., Варламов В. П., Воробьев Х. С., Гордашевский П. Ф.
Langue:russe
Publié: Москва, Изд-во ВНИИстром, 1979
Collection:Сборник трудов [Всесоюзного научно-исследовательского института строительных материалов и конструкций ВНИИстром] Вып. 41 (69)
Sujets:
Format: MixedMaterials Livre
KOHA link:https://koha.lib.tpu.ru/cgi-bin/koha/opac-detail.pl?biblionumber=96393

MARC

LEADER 00000nam0a2200000 4500
001 96393
005 20231101214051.0
035 |a (RuTPU)RU\TPU\book\103192 
090 |a 96393 
100 |a 20060512d1979 k y0rusy5003 ca 
101 0 |a rus 
102 |a RU 
105 |a a z 001zy 
200 1 |a Технология строительной керамики и искусственных пористых заполнителей  |e [сборник статей]  |f ВНИИСТРОМ; под ред. А. Я. Березовского и др. 
210 |a Москва  |c Изд-во ВНИИстром  |d 1979 
215 |a 185 с.  |c ил.  |d 21 см. 
225 1 |a Сборник трудов [Всесоюзного научно-исследовательского института строительных материалов и конструкций ВНИИстром]  |v Вып. 41 (69) 
320 |a Библиогр. в конце ст. 
606 1 |a Керамика строительная (химическая технология)  |2 stltpush  |3 (RuTPU)RU\TPU\subj\34897  |9 56728 
606 1 |a Заполнители пористые искусственные  |2 stltpush  |3 (RuTPU)RU\TPU\subj\35675  |9 57316 
610 1 |a строительная керамика 
610 1 |a искусственные пористые заполнители 
610 1 |a глины 
610 1 |a спекание 
610 1 |a алюмосиликаты 
610 1 |a зола 
610 1 |a обжиг 
610 1 |a диатомиты 
610 1 |a кирпичи 
610 1 |a стеновая керамика 
610 1 |a туннельные печи 
675 |a 666.7  |z rus  |v 3 
675 |a 666.972.12  |z rus  |v 3 
702 1 |a Березовский  |b А. Я.  |4 340 
702 1 |a Бурмистров  |b В. Н.  |4 340 
702 1 |a Варламов  |b В. П.  |4 340 
702 1 |a Воробьев  |b Х. С.  |4 340 
702 1 |a Гордашевский  |b П. Ф.  |4 340 
712 0 2 |a Государственный Всесоюзный научно-исследовательский институт строительных материалов и конструкций (ВНИИСТРОМ) им. П. П. Будникова  |2 stltpush  |3 (RuTPU)RU\TPU\col\11317 
801 0 |a RU  |b RuMRKP  |c 19950704  |g psbo 
801 1 |a RU  |b 63413507  |c 20060512  |g PSBO 
801 2 |a RU  |b 63413507  |c 20170621  |g PSBO 
942 |c BK